Control y aprendizaje motor: fundamentos, desarrollo y reeducación del movimiento humano

Guardat en:
Dades bibliogràfiques
Autors principals: Cano de la Cuerda, Roberto (Autor), Martínez Piédrola, Rosa María (Autor), Miangolarra Page, Juan Carlos (Autor)
Format: Llibre
Idioma:espanyol
Publicat: Madrid Médica Panamericana 2017
Edició:1a. ed
Matèries:
Etiquetes: Afegir etiqueta
Sense etiquetes, Sigues el primer a etiquetar aquest registre!

MARC

LEADER 00000cam a2200000 a 4500
001 UCC1274
003 CL-VaPUC
008 171020e20170000sp |||||||||||||||||spa|d
020 |a 9788498353631 
082 0 4 |a 612.7  |b CAN  |2 21 
100 0 |a Cano de la Cuerda, Roberto  |e author  |9 595327 
700 0 |a Martínez Piédrola, Rosa María  |e author  |9 595328 
700 0 |a Miangolarra Page, Juan Carlos  |e author  |9 595329 
245 1 0 |a Control y aprendizaje motor: fundamentos, desarrollo y reeducación del movimiento humano 
250 |a 1a. ed 
300 |a 240 p 
942 |c BK 
945 |d 20171020 15:16:00  |a dcastane 
260 |a Madrid  |b Médica Panamericana  |c 2017 
650 7 |a SISTEMA MUSCULAR  |2 CL-VaPUC  |9 269682 
650 7 |a SISTEMA MUSCULO ESQUELETICO  |2 CL-VaPUC  |9 477666 
650 0 |a Desarrollo motor   |9 313002 
583 |a last modification  |c 20171020 15:16:00  |k Rodrigo Vera 
999 |c 369829  |d 369827 
952 |0 0  |1 0  |3 erb  |4 0  |6 612_700000000000000_CAN_2017  |7 0  |8 A  |9 485965  |a BIBCUR  |b BIBCUR  |i 543033K  |l 1  |o 612.7 CAN 2017  |p 543033K  |r 2025-04-22  |s 2022-12-01  |w 2019-11-24  |y BK  |z Catalogado en:20171020  |k KIN 
952 |0 0  |1 0  |3 erb  |4 0  |6 612_700000000000000_CAN_2017  |7 0  |8 A  |9 485966  |a BIBCUR  |b BIBCUR  |i 5430321  |l 2  |o 612.7 CAN 2017  |p 5430321  |r 2025-04-22  |s 2024-08-16  |w 2019-11-24  |y BK  |z Catalogado en:20171020  |k KIN 
952 |0 0  |1 0  |3 erb  |4 0  |6 612_700000000000000_CAN_2017  |7 0  |8 A  |9 485967  |a BIBCUR  |b BIBCUR  |i 5430313  |l 1  |o 612.7 CAN 2017  |p 5430313  |r 2025-04-22  |s 2022-11-14  |w 2019-11-24  |y BK  |z Catalogado en:20171020  |k KIN 
952 |0 0  |1 0  |3 erb  |4 0  |6 612_700000000000000_CAN_2017  |7 0  |8 A  |9 485968  |a BIBCUR  |b BIBCUR  |i 5430305  |l 1  |o 612.7 CAN 2017  |p 5430305  |r 2025-04-22  |s 2022-08-17  |w 2019-11-24  |y BK  |z Catalogado en:20171020  |k KIN 
952 |0 0  |1 0  |3 erb  |4 0  |6 612_700000000000000_CAN_2017  |7 0  |8 A  |9 485969  |a BIBCUR  |b BIBCUR  |i 5430291  |l 1  |o 612.7 CAN 2017  |p 5430291  |r 2025-04-22  |s 2022-08-22  |w 2019-11-24  |y BK  |z Catalogado en:20171020  |k KIN 
952 |0 0  |1 0  |3 erb  |4 0  |6 612_700000000000000_CAN_2017  |7 0  |8 A  |9 485970  |a BIBCUR  |b BIBCUR  |i 5430283  |l 1  |o 612.7 CAN 2017  |p 5430283  |r 2025-04-22  |s 2022-08-17  |w 2019-11-24  |y BK  |z Catalogado en:20171020  |k KIN 
952 |0 0  |1 0  |3 erb  |4 0  |6 612_700000000000000_CAN_2017  |7 0  |8 A  |9 485971  |a BIBCUR  |b BIBCUR  |i 5430275  |l 1  |o 612.7 CAN 2017  |p 5430275  |r 2025-04-22  |s 2022-11-07  |w 2019-11-24  |y BK  |z Catalogado en:20171020  |k KIN 
952 |0 0  |1 0  |3 erb  |4 0  |6 612_700000000000000_CAN_2017  |7 0  |8 A  |9 485972  |a BIBCUR  |b BIBCUR  |i 5430267  |o 612.7 CAN 2017  |p 5430267  |r 2025-04-22  |w 2019-11-24  |y BK  |z Catalogado en:20171020  |k KIN 
952 |0 0  |1 0  |3 erb  |4 0  |6 612_700000000000000_CAN_2017  |7 0  |8 A  |9 485973  |a BIBCUR  |b BIBCUR  |i 5430259  |o 612.7 CAN 2017  |p 5430259  |r 2025-04-22  |w 2019-11-24  |y BK  |z Catalogado en:20171020  |k KIN 
952 |0 0  |1 0  |3 erb  |4 0  |6 612_700000000000000_CAN_2017  |7 0  |8 A  |9 485974  |a BIBCUR  |b BIBCUR  |i 5430240  |l 1  |o 612.7 CAN 2017  |p 5430240  |r 2025-04-22  |s 2023-10-12  |w 2019-11-24  |y BK  |z Catalogado en:20171020  |k KIN